Formula One Multiple World Champions - Statistics

General Stats
  • This quiz has been taken 61 times
  • The average score is 14 of 17
Answer Stats
Answer % Correct
Lewis Hamilton
100%
Max Verstappen
98%
Michael Schumacher
98%
Ayrton Senna
95%
Fernando Alonso
95%
Sebastian Vettel
91%
Alain Prost
90%
Juan Manuel Fangio
86%
Niki Lauda
84%
Mika Häkkinen
83%
Graham Hill
78%
Nelson Piquet
78%
Jackie Stewart
72%
Jim Clark
67%
Emerson Fittipaldi
64%
Jack Brabham
64%
Alberto Ascari
62%
No matching quizzes found
Score Distribution
Percent of People with Each Score
Percentile by Number Answered
Your Score History
You have not taken this quiz